The 5 AM Club (Record no. 369758)

MARC details
000 -LEADER
fixed length control field 00794nam a2200181 4500
005 - DATE AND TIME OF LATEST TRANSACTION
control field 20260108115723.0
008 - FIXED-LENGTH DATA ELEMENTS--GENERAL INFORMATION
fixed length control field 260108b |||||||| |||| 00| 0 eng d
020 ## - INTERNATIONAL STANDARD BOOK NUMBER
International Standard Book Number 978-93-87944-89-3
041 ## - LANGUAGE CODE
Language code of text/sound track or separate title English
082 ## - DEWEY DECIMAL CLASSIFICATION NUMBER
Classification number X 158.1
Item number B12126
100 ## - MAIN ENTRY--PERSONAL NAME
Author Sharma, Robin
245 ## - TITLE STATEMENT
Title The 5 AM Club
Remainder of title :own your morning elevate your life
260 ## - PUBLICATION, DISTRIBUTION, ETC.
Place of publication, distribution, etc. Mumbai
Name of publisher, distributor, etc. Jaico Publishing house
Date of publication, distribution, etc. 2024
300 ## - PHYSICAL DESCRIPTION
Extent 314p
Other physical details pb
365 ## - TRADE PRICE
Price type code Rupaye
Price amount 249
Currency code INR
520 ## - SUMMARY, ETC.
Summary, etc. Legendary leadership and elite performance expert Robin Sharma introduced The 5am Club concept over twenty years ago, based on a revolutionary morning routine that has helped his clients maximize their productivity, activate their best health and bulletproof their serenity in this age of overwhelming complexity.
942 ## - ADDED ENTRY ELEMENTS (KOHA)
Koha item type Books
Holdings
Withdrawn status Lost status Source of classification or shelving scheme Damaged status Not for loan Collection code Home library Current library Date acquired Vendor Net Price Bill number Total Checkouts Full call number Barcode Date last seen Actual Price Bill Date Koha item type Original Barcode
    Dewey Decimal Classification     Non-fiction Smt. Bakul Tambat Institute of Nursing Education Smt. Bakul Tambat Institute of Nursing Education 30/12/2025 Amazon(online) 171-2631319-3695555 249.00 AMD2-3237714   X 158.1 B12126 BTIN-BK-12126 08/01/2026 249.00 20/10/2025 Books BTIN-BK-12126